Evaluación de la calidad de los censos generales de 1970. (Record no. 83080)

MARC details
000 -LEADER
campo de control de longitud fija 00945nam a2200205 i 4500
001 - NÚMERO DE CONTROL
campo de control 83080
003 - IDENTIFICADOR DE NÚMERO DE CONTROL
campo de control ES-MaACL
005 - FECHA Y HORA DE LA ÚLTIMA TRANSACCIÓN
campo de control 20250603171456.0
007 - CAMPO FIJO DE DESCRIPCIÓN FÍSICA--INFORMACIÓN GENERAL
campo de control de longitud fija t|
008 - DATOS DE LONGITUD FIJA--INFORMACIÓN GENERAL
campo de control de longitud fija 041115m19741978sp ||||1| spa d
080 ## - NÚMERO DE LA CLASIFICACIÓN DECIMAL UNIVERSAL
Número de la Clasificación Decimal Universal 314.9(460)"1970"
245 00 - MENCIÓN DEL TÍTULO
Título Evaluación de la calidad de los censos generales de 1970.
260 ## - PUBLICACIÓN, DISTRIBUCIÓN, ETC.
Lugar de publicación, distribución, etc. Madrid :
Nombre del editor, distribuidor, etc. Instituto Nacional de Estadística,
Fecha de publicación, distribución, etc. [1974-1978]
300 ## - DESCRIPCIÓN FÍSICA
Extensión 4 v. ;
Dimensiones 29 cm.
505 8# - NOTA DE CONTENIDO CON FORMATO
Nota de contenido con formato Contiene: 1. Análisis de cobertura en los censos de edificios y viviendas (51 p., 1 h. pleg.) -- 2. Análisis de la cobertura y del contenido en el censo de población (VIII, 77 p., 1 h. pleg.) -- 3. Análisis del contenido de los censos de edificios y viviendas (VIII, 75 p., 1 h. pleg.) -- 4. Censo de población . Errores de muestreo (325 p.)
651 #7 - PUNTO DE ACCESO ADICIONAL DE MATERIA--NOMBRE GEOGRÁFICO
Nombre geográfico España-
Subdivisión general Censos
Fuente del encabezamiento o término
9 (RLIN) 155755
710 2# - ENTRADA AGREGADA--NOMBRE DE ENTIDAD CORPORATIVA
Nombre de entidad corporativa o nombre de jurisdicción como elemento de entrada Instituto Nacional de Estadística (España)
9 (RLIN) 5162
852 4# - LOCALIZACIÓN
Ubicación ES-MaACL
Número de control de estantería P-1434
Holdings
Estatus retirado Estado de pérdida Estado de daño No para préstamo Biblioteca de origen Biblioteca actual Ubicación en estantería Fecha de adquisición Fuente de adquisición Total de préstamos Signatura topográfica completa Código de barras Visto por última vez Precio de reemplazo Tipo de ítem Koha
        Biblioteca del Ateneo de Madrid Biblioteca del Ateneo de Madrid Depósito 2 17/01/2008     P-1434 1086817 23/02/2023 23/02/2023 Libro impreso